A-Z Random Categories - Statistics

General Stats
  • This quiz has been taken 119 times
  • The average score is 12 of 20
Answer Stats
Category Letter Answer % Correct
Country A Afghanistan | Albania | Algeria | +8
100%
U.S. State C California | Colorado | Connecticut
100%
Country D Denmark | DR Congo | Djibouti | +2
100%
U.S. State I Idaho | Illinois | Indiana | Iowa
100%
Country K Kazakhstan | Kenya | Kiribati | +3
100%
US Baby Girl Name L Lacey | Laila | Lainey | +69
100%
Capital L Lima | London | Lisbon | +8
100%
U.S. State M Maine | Maryland | Massachusetts | +5
100%
Country S St Kitts and Nevis | St Lucia | St Vincent and the Grenadines | +23
100%
US Baby Boy Name C Caiden | Cain | Cairo | +74
95%
4 Letter Word H have | here | hand | +188
95%
US Baby Boy Name J Jabari | Jace | Jack | +91
95%
Capital B Brasilia | Berlin | Beijing | +23
94%
Capital W Warsaw | Washington DC | Wellington | Windhoek
94%
US Baby Girl Name G Gabriella | Galilea | Gemma | +21
92%
Official Language J Japanese
92%
Official Language P Portuguese | Polish | Pashto | +2
92%
Top 5 Football League Winner A Admira Wacker Mödling | Alemannia Aachen | Arsenal | +4
91%
Country O Oman
91%
Island Country B Bahamas | Bahrain | Barbados | Brunei
90%
4 Letter Word C came | come | care | +234
90%
4 Letter Word V very | view | vain | +72
90%
Capital M Madrid | Mexico City | Moscow | +16
89%
U.S. State P Pennsylvania
89%
Island Country C Cape Verde | Comoros | Cuba | Cyprus
86%
US Baby Boy Name F Fabian | Felipe | Felix | +20
86%
Island Country J Jamaica | Japan
86%
Official Language E English | Estonian
85%
U.S. State D Delaware
84%
Element A Actinium | Aluminium | Americium | +4
83%
Element B Barium | Berkelium | Beryllium | +4
83%
Element C Cadmium | Caesium | Calcium | +9
83%
Element N Neodymium | Neon | Neptunium | +5
83%
Capital Z Zagreb
83%
4 Letter Word I into | idea | iron | +56
81%
4 Letter Word U upon | used | unto | +37
81%
US Baby Boy Name X Xander | Xavier | Xzavier
81%
Official Language N Norwegian | Nepali | Nauruan | +3
77%
Disney/Pixar Movie F Fantasia | Frozen | Finding Nemo | +5
76%
US Baby Boy Name Q Quentin | Quincy | Quinn | Quinton
76%
Island Country V Vanuatu
76%
Asian City >3m pop J Jaipur | Jakarta | Jeddah | +2
75%
River >1000km N Nile | Niger | Nelson | +6
74%
Gemstone Q Quartz
68%
UK City O Oxford
67%
US Baby Girl Name T Talia | Tatum | Taylor | +12
67%
UK City Y York
67%
Disney/Pixar Movie U Up
65%
Top 5 Football League Winner I Inter | Ipswich Town
64%
River >1000km M Mississippi | Mekong | Mackenzie | +11
63%
UK City G Glasgow | Gloucester
60%
Asian City >3m pop I Istanbul | Isfahan | Indore | Izmir
60%
UK City S St Albans | St Asaph | St Davids | +8
60%
Gemstone J Jade | Jet | Jasper
59%
Minecraft Mob H Hoglin | Horse | Husk
58%
US Baby Girl Name Z Zahra | Zainab | Zaniyah | +15
58%
Shakespeare Play O Othello
57%
European City >1m pop F Frankfurt
56%
European City >1m pop H Hamburg | Helsinki | Hanover
56%
Top 5 Football League Winner E Eintracht Braunschweig | Eintracht Frankfurt | Everton
55%
Top 5 Football League Winner V Valencia | Viktoria 1889 Berlin | Villareal
55%
Minecraft Mob E Enderman | Endermite | Evoker | +2
50%
Asian City >3m pop L Lahore | Lucknow
50%
Asian City >3m pop R Riyadh | Rawalpindi
50%
Minecraft Mob W Warden | Witch | Wither | +3
50%
Oscar Best Picture T Terms of Endearment | Titanic | Tom Jones | 12 Years a Slave
47%
Top 5 Football League Winner S Saarbrücken | Saint-Étienne | Saint-Raphaël | +13
45%
Island Country E East Timor
43%
Minecraft Mob R Rabbit | Ravager
42%
US Baby Girl Name W Waverly | Whitley | Whitney | +7
42%
Disney/Pixar Movie S Soul | Saludos Amigos | Sleeping Beauty | +3
41%
UK City D Derby | Derry | Doncaster | +4
40%
Oscar Best Picture O Oliver! | On the Waterfront | Oppenheimer | +3
40%
European City >1m pop R Rome | Rotterdam | Rostov-on-Don
38%
Element E Einsteinium | Erbium | Europium
33%
Oscar Best Picture K The King's Speech | Kramer vs. Kramer
33%
Gemstone G Gypsum | Garnet
32%
Gemstone L Lapis Lazuli
32%
African City >1m pop B Bangui | Brazzaville | Bamako | Benin City
30%
Asian City >3m pop P Pune
30%
Gemstone M Malachite | Moissanite | Monazite | Moonstone
27%
Oscar Best Picture R Rain Man | Rebecca | Rocky
27%
European City >1m pop T Turin | Toulouse
25%
Shakespeare Play A All's Well That Ends Well | Antony and Cleopatra | As You Like It
22%
River >1000km B Brahmaputra | Brazos | Blue Nile | +5
21%
African City >1m pop F Fes | Freetown
20%
African City >1m pop M Mombasa | Mbuji-Mayi | Monrovia | +4
20%
Shakespeare Play P Pericles | Prince of Tyre
17%
Minecraft Mob T Tadpole | Trader Llama | Tropical Fish | Turtle
17%
Official Language Q Quechua
15%
European City >1m pop G Glasgow
13%
Oscar Best Picture H Hamlet | How Green Was My Valley | The Hurt Locker
13%
Shakespeare Play L Love's Labour's Lost
13%
Shakespeare Play W The Winter's Tale
13%
Disney/Pixar Movie G The Great Mouse Detective | The Good Dinosaur
12%
Disney/Pixar Movie J The Jungle Book
12%
River >1000km P Purús | Padma | Paraguay | +6
11%
African City >1m pop I Ibadan | Ilorin
10%
African City >1m pop Y Yaounde
10%
River >1000km K Kolyma | Kasai | Kama | +9
0%
No matching quizzes found
Score Distribution
Percent of People with Each Score
Percentile by Number Answered
Your Score History
You have not taken this quiz